<?xml version="1.0" encoding="UTF-8"?>
<collection xmlns="http://www.loc.gov/MARC21/slim">
 <record>
  <leader>00768ngm a22002295g 4500</leader>
  <controlfield tag="001">CEM.cems021663</controlfield>
  <controlfield tag="008">130507b199?##################0###0#####d</controlfield>
  <controlfield tag="005">20240903145447.0</controlfield>
  <datafield tag="245" ind1="1" ind2="0">
   <subfield code="a">Pintando sombras /</subfield>
   <subfield code="c">Videopedia Britannica</subfield>
  </datafield>
  <datafield tag="300" ind1=" " ind2=" ">
   <subfield code="a">8</subfield>
  </datafield>
  <datafield tag="500" ind1=" " ind2=" ">
   <subfield code="a">En soporte VHS, consultar en ventanilla.</subfield>
  </datafield>
  <datafield tag="505" ind1="0" ind2=" ">
   <subfield code="a">Pintura de sombras en acuarela. Elementos de la iluminación. Formas que adoptan las sombras.</subfield>
  </datafield>
  <datafield tag="538" ind1=" " ind2=" ">
   <subfield code="a">Soporte: VHS - Norma: Pal N - Color - Compra CEMS - Hitachi=0900.</subfield>
  </datafield>
  <datafield tag="110" ind1="2" ind2=" ">
   <subfield code="a">Videopedia Britannica.</subfield>
  </datafield>
  <datafield tag="082" ind1="7" ind2="5">
   <subfield code="/">VID</subfield>
  </datafield>
  <datafield tag="653" ind1=" " ind2=" ">
   <subfield code="a">ARTE</subfield>
  </datafield>
  <datafield tag="653" ind1=" " ind2=" ">
   <subfield code="a">PINTURA</subfield>
  </datafield>
  <datafield tag="653" ind1=" " ind2=" ">
   <subfield code="a">ARTES PLASTICAS</subfield>
  </datafield>
  <datafield tag="653" ind1=" " ind2=" ">
   <subfield code="a">SOMBRAS</subfield>
  </datafield>
  <datafield tag="653" ind1=" " ind2=" ">
   <subfield code="a">ACUARELA</subfield>
  </datafield>
  <datafield tag="653" ind1=" " ind2=" ">
   <subfield code="a">NIVEL SECUNDARIO</subfield>
  </datafield>
  <datafield tag="859" ind1=" " ind2=" ">
   <subfield code="a">CEMS</subfield>
   <subfield code="b">BIB. CEMS - Depto. Recursos Didacticos</subfield>
   <subfield code="h">750</subfield>
   <subfield code="i">VID</subfield>
   <subfield code="k">DRD</subfield>
   <subfield code="p">306.12</subfield>
   <subfield code="t">Ej.1</subfield>
  </datafield>
 </record>
</collection>
